000 00733nam a2200253Ia 4500
003 BUBTL
008 151213s9999 xx 000 0 und d
020 _a
041 _aEnglish
082 _a340.59/ M2786m/ 1993
100 _aMahmood, S.H. Shaukat
_95863
245 _aMuslim Law/
_cS.H. Shaukat Mahmood. & S. H. Nadeen Shaukat Mahmood
250 _a4th edn
260 _aLahore India :
_bLegal Research Centre
_cc1993
300 _a326 p. :
_bill. ; 21 cm.
500 _aIncludes Index.
526 _aLaw
650 _aLaw
650 _a
_95864
700 _aS.H. Shaukat Mahmood. & S. H. Nadeen Shaukat Mahmood
_95865
856 _k0
_l0
_yDownload
942 _2ddc
_cBK
999 _c2453
_d2453